European Separatist Movements on a Map - Statistics

General Stats
  • This quiz has been taken 84 times
    59 since last reset
  • The average score is 12 of 15
Answers on the Map
Answers color-coded by a green-red scale on the quiz's map according to % correct below.
 
Answer Stats
Answer % Correct
Scotland
98%
Brittany
92%
Sicily
90%
Bavaria
88%
Galicia
88%
Corsica
86%
Flanders
84%
Cornwall
82%
Silesia
76%
Veneto
76%
Euskal Herria
74%
Transnistria
72%
Alsace
70%
Occitania
70%
Catalan Countries
24%
No matching quizzes found
Score Distribution
Percent of People with Each Score
Percentile by Number Answered
Your Score History
You have not taken this quiz since the last reset